Chilam Balam de Chumayel / (Record no. 175575)

MARC details
000 -LEADER
campo de control de longitud fija 00963nam a2200277 i 4500
001 - NÚMERO DE CONTROL
campo de control 175575
003 - IDENTIFICADOR DE NÚMERO DE CONTROL
campo de control ES-MaACL
005 - FECHA Y HORA DE LA ÚLTIMA TRANSACCIÓN
campo de control 20230906215846.0
008 - DATOS DE LONGITUD FIJA--INFORMACIÓN GENERAL
campo de control de longitud fija 101108s1986 sp a |||| | spa d
020 ## - NÚMERO INTERNACIONAL ESTÁNDAR DEL LIBRO
Número Internacional Estándar del Libro 84-85229-85-1
080 ## - NÚMERO DE LA CLASIFICACIÓN DECIMAL UNIVERSAL
Número de la Clasificación Decimal Universal 299.8(=972.6)
130 0# - ENTRADA PRINCIPAL--TÍTULO UNIFORME
Título uniforme Chilam Balam de Chumayel.
Lenguaje de la obra Español.
9 (RLIN) 143859
245 10 - MENCIÓN DEL TÍTULO
Título Chilam Balam de Chumayel /
Mención de responsabilidad, etc. edición de Miguel Rivera ; [revisión del texto maya, Domingo Dzul Poot y Juan Ramón Bastarrachea Manzano].
250 ## - MENCION DE EDICION
Mención de edición 1ª ed.
260 ## - PUBLICACIÓN, DISTRIBUCIÓN, ETC.
Lugar de publicación, distribución, etc. Madrid :
Nombre del editor, distribuidor, etc. Historia 16,
Fecha de publicación, distribución, etc. 1986.
300 ## - DESCRIPCIÓN FÍSICA
Extensión 165 p. :
Otras características físicas il. ;
Dimensiones 19 cm.
490 1# - MENCIÓN DE SERIE
Mención de serie Crónicas de América ;
Designación de volumen o secuencia 20
650 04 - PUNTO DE ACCESO ADICIONAL DE MATERIA--TÉRMINO DE MATERIA
Término de materia o nombre geográfico como elemento de entrada Mitología maya.
9 (RLIN) 159844
650 #4 - PUNTO DE ACCESO ADICIONAL DE MATERIA--TÉRMINO DE MATERIA
Término de materia o nombre geográfico como elemento de entrada Religión maya.
9 (RLIN) 159843
700 1# - ENTRADA AGREGADA--NOMBRE PERSONAL
Nombre de persona Rivera Dorado, Miguel.
9 (RLIN) 97649
700 1# - ENTRADA AGREGADA--NOMBRE PERSONAL
Nombre de persona Dzul Poot, Domingo.
9 (RLIN) 143860
700 1# - ENTRADA AGREGADA--NOMBRE PERSONAL
Nombre de persona Bastarrachea Manzano, Juan Ramón.
9 (RLIN) 143861
830 0# - PUNTO DE ACCESO ADICIONAL DE SERIE-TÍTULO UNIFORME
Título uniforme Crónicas de América ;
Designación de volumen o secuencia 20
9 (RLIN) 178035
852 ## - LOCALIZACIÓN
Ubicación ES-MaACL
Número de control de estantería E-13463
Holdings
Estatus retirado Estado de pérdida Estado de daño No para préstamo Biblioteca de origen Biblioteca actual Ubicación en estantería Fecha de adquisición Fuente de adquisición Total de préstamos Signatura topográfica completa Código de barras Visto por última vez Precio de reemplazo Tipo de ítem Koha
        Biblioteca del Ateneo de Madrid Biblioteca del Ateneo de Madrid Depósito 2 08/11/2010     E-13463 1184356 23/02/2023 23/02/2023 Libro impreso